Citizenship regimes, law, and belonging: the CAA and NRC (Record no. 1218841)

MARC details
000 -LEADER
fixed length control field 00568nam a2200193Ia 4500
008 - FIXED-LENGTH DATA ELEMENTS--GENERAL INFORMATION
fixed length control field 241004s9999 xx 000 0 und d
020 ## - INTERNATIONAL STANDARD BOOK NUMBER
International Standard Book Number 9780192859082
037 ## - SOURCE OF ACQUISITION
Stock number Textbook
040 ## - CATALOGING SOURCE
Original cataloging agency ARTS
Language of cataloging eng
Transcribing agency ARTS
041 ## - LANGUAGE CODE
Language code of text/sound track or separate title eng
Source of code eng
084 ## - COLON CLASSIFICATION NUMBER
Classification number W:5.2 R2
Assigning agency ARTS
100 ## - MAIN ENTRY--PERSONAL NAME
Personal name Roy Anupama Au.
9 (RLIN) 724690
245 ## - TITLE STATEMENT
Title Citizenship regimes, law, and belonging: the CAA and NRC
Statement of responsibility, etc. Roy Anupama Au.
260 ## - PUBLICATION, DISTRIBUTION, ETC.
Place of publication, distribution, etc. UK
Name of publisher, distributor, etc. Oxford Oxford University Press
Date of publication, distribution, etc. 2022
300 ## - PHYSICAL DESCRIPTION
Extent vi,270p.
365 ## - TRADE PRICE
Price type code INR
Price amount 1495
942 ## - ADDED ENTRY ELEMENTS (KOHA)
Koha item type Textbook
Classification part W:5.2 R2
Holdings
Withdrawn status Lost status Source of classification or shelving scheme Damaged status Not for loan Home library Current library Date acquired Source of acquisition Cost, normal purchase price Inventory number Total Checkouts Full call number Barcode Date last seen Price effective from Koha item type
    Colon Classification (CC)     Arts Library Arts Library 2024-12-05 New India Book Agency 1495.00 4043 & 09/01/2023   W:5.2 R2 AL1666899 2024-10-04 2024-10-04 Textbook
Copyright @ Delhi University Library System